Computational Problems in Science and Engineering

This book provides readers with modern computational techniques for solving variety of problems from electrical, mechanical, civil and chemical engineering. Mathematical methods are presented in a unified manner, so they can be applied consistently to problems in applied electromagnetics, strength o...

Full description

Bibliographic Details
Corporate Author: SpringerLink (Online service)
Other Authors: Mastorakis, Nikos (Editor), Bulucea, Aida (Editor), Tsekouras, George (Editor)
Format: Electronic eBook
Language:English
Published: Cham : Springer International Publishing : Imprint: Springer, 2015.
Edition:1st ed. 2015.
Series:Lecture Notes in Electrical Engineering, 343
Subjects:
Online Access:Full Text via HEAL-Link
LEADER 02813nam a22005055i 4500
001 978-3-319-15765-8
003 DE-He213
005 20151028041401.0
007 cr nn 008mamaa
008 151026s2015 gw | s |||| 0|eng d
020 |a 9783319157658  |9 978-3-319-15765-8 
024 7 |a 10.1007/978-3-319-15765-8  |2 doi 
040 |d GrThAP 
050 4 |a TK7888.4 
072 7 |a TJFC  |2 bicssc 
072 7 |a TEC008010  |2 bisacsh 
082 0 4 |a 621.3815  |2 23 
245 1 0 |a Computational Problems in Science and Engineering  |h [electronic resource] /  |c edited by Nikos Mastorakis, Aida Bulucea, George Tsekouras. 
250 |a 1st ed. 2015. 
264 1 |a Cham :  |b Springer International Publishing :  |b Imprint: Springer,  |c 2015. 
300 |a VII, 491 p. 215 illus., 90 illus. in color.  |b online resource. 
336 |a text  |b txt  |2 rdacontent 
337 |a computer  |b c  |2 rdamedia 
338 |a online resource  |b cr  |2 rdacarrier 
347 |a text file  |b PDF  |2 rda 
490 1 |a Lecture Notes in Electrical Engineering,  |x 1876-1100 ;  |v 343 
505 0 |a Part I -- Generalized fuzzy measurability -- Short Term Load Forecasting in Electric Power Systems with Artificial Neural Networks -- Analysis of Non-Linear Vibrations of a Fractionally Damped Cylindrical Shell under the Conditions of Combinational Internal Resonance -- Schwartz-Christoffel Panel Method Improvements and Applications -- Mining Latent Attributes in Neighborhood for Recommender Systems -- An Assessment of The Effect of Varying Popov’s Parameter on The Region of Robust Absolute Stability of Nonlinear Impulsive Control Systems with Parametric Uncertainty. 
520 |a This book provides readers with modern computational techniques for solving variety of problems from electrical, mechanical, civil and chemical engineering. Mathematical methods are presented in a unified manner, so they can be applied consistently to problems in applied electromagnetics, strength of materials, fluid mechanics, heat and mass transfer, environmental engineering, biomedical engineering, signal processing, automatic control and more. 
650 0 |a Engineering. 
650 0 |a Electronics. 
650 0 |a Microelectronics. 
650 0 |a Electronic circuits. 
650 1 4 |a Engineering. 
650 2 4 |a Circuits and Systems. 
650 2 4 |a Electronics and Microelectronics, Instrumentation. 
700 1 |a Mastorakis, Nikos.  |e editor. 
700 1 |a Bulucea, Aida.  |e editor. 
700 1 |a Tsekouras, George.  |e editor. 
710 2 |a SpringerLink (Online service) 
773 0 |t Springer eBooks 
776 0 8 |i Printed edition:  |z 9783319157641 
830 0 |a Lecture Notes in Electrical Engineering,  |x 1876-1100 ;  |v 343 
856 4 0 |u http://dx.doi.org/10.1007/978-3-319-15765-8  |z Full Text via HEAL-Link 
912 |a ZDB-2-ENG 
950 |a Engineering (Springer-11647)